新語・流行語大賞 年間大賞受賞語(21世紀) - Statistics

General Stats
  • This quiz has been taken 206 times
  • The average score is 7 of 35
Answer Stats
Year Answer % Correct
2013 今でしょ!
59%
2013 じぇじぇじぇ
59%
2022 村神様
52%
2016 神ってる
50%
2013 お・も・て・な・し
46%
2015 トリプルスリー
44%
2013 倍返し
44%
2004 チョー気持ちいい
29%
2012 ワイルドだろぉ
28%
2021 リアル二刀流/ショータイム
27%
2018 そだねー
25%
2019 ONE TEAM
20%
2014 ダメよ~ダメダメ
19%
2017 忖度
17%
2014 集団的自衛権
17%
2020 3密
17%
2003 なんでだろう~
16%
2011 なでしこジャパン
15%
2009 政権交代
13%
2008 グ~!
13%
2017 インスタ映え
12%
2006 イナバウアー
11%
2007 どげんかせんといかん
8%
2015 爆買い
7%
2010 ゲゲゲの~
7%
2008 アラフォー
7%
2003 毒まんじゅう
7%
2002 タマちゃん
7%
2005 小泉劇場
6%
2007 ハニカミ王子
5%
2005 想定内/想定外
5%
2003 マニフェスト
5%
2001 小泉語録
5%
2006 品格
4%
2002 W杯
4%
No matching quizzes found
Score Distribution
Percent of People with Each Score
Percentile by Number Answered
Your Score History
You have not taken this quiz